The designs of William Morris. (Record no. 352721)

000 -LEADER
fixed length control field 00761 a2200241 4500
003 - CONTROL NUMBER IDENTIFIER
control field OSt
005 - DATE AND TIME OF LATEST TRANSACTION
control field 20180116192343.0
008 - FIXED-LENGTH DATA ELEMENTS--GENERAL INFORMATION
fixed length control field 120531t xxu||||| |||| 00| 0 eng d
010 ## - LIBRARY OF CONGRESS CONTROL NUMBER
LC control number 99494988
020 ## - INTERNATIONAL STANDARD BOOK NUMBER
International Standard Book Number 0714834653
020 ## - INTERNATIONAL STANDARD BOOK NUMBER
International Standard Book Number 9780714834658
040 ## - CATALOGING SOURCE
Transcribing agency 0
082 ## - DEWEY DECIMAL CLASSIFICATION NUMBER
Classification number 709.2
100 1# - MAIN ENTRY--PERSONAL NAME
Personal name Morris, William,
9 (RLIN) 2797
245 14 - TITLE STATEMENT
Title The designs of William Morris.
260 ## - PUBLICATION, DISTRIBUTION, ETC.
Place of publication, distribution, etc. London :
Name of publisher, distributor, etc. Phaidon Press,
Date of publication, distribution, etc. 1995.
300 ## - PHYSICAL DESCRIPTION
Extent [160] p. :
Other physical details chiefly col. ill. ;
Dimensions 12 in.
600 10 - SUBJECT ADDED ENTRY--PERSONAL NAME
Personal name Morris, William,
Dates associated with a name 1834-1896
9 (RLIN) 2798
650 #0 - SUBJECT ADDED ENTRY--TOPICAL TERM
Topical term or geographic name entry element Decoration and ornament
General subdivision Plant forms
Geographic subdivision England
9 (RLIN) 2799
650 #0 - SUBJECT ADDED ENTRY--TOPICAL TERM
Topical term or geographic name entry element Decoration and ornament
General subdivision Victorian style
9 (RLIN) 2800
942 ## - ADDED ENTRY ELEMENTS (KOHA)
Institution code [OBSOLETE] SADA
Koha item type Book
Call number prefix 709.2 MOR 1995
Source of classification or shelving scheme
Holdings
Withdrawn status Lost status Source of classification or shelving scheme Damaged status Not for loan Permanent Location Current Location Date acquired Total Checkouts Full call number Barcode Date last seen Cost, replacement price Price effective from Koha item type
          School of Art Design and Architecture (SADA) School of Art Design and Architecture (SADA) 04/13/2011   709.2 MOR 1995 SADA0000830 08/05/2011 636.00 08/05/2011 Book
© 2023 Central Library, National University of Sciences and Technology. All Rights Reserved.